गाजर, मूली और टमाटर: (Record no. 16156)
[ view plain ]
| 000 -LEADER | |
|---|---|
| fixed length control field | 02129nam a22003497a 4500 |
| 005 - DATE AND TIME OF LATEST TRANSACTION | |
| control field | 20081003095653.0 |
| 008 - FIXED-LENGTH DATA ELEMENTS--GENERAL INFORMATION | |
| fixed length control field | 081003t xxu||||| |||| 00| 0 hin d |
| 010 ## - LCCN (DPL NO) | |
| LC control number | HIN-84264 |
| 020 ## - INTERNATIONAL STANDARD BOOK NUMBER | |
| Terms of availability | 100.00 |
| 035 ## - SYSTEM CONTROL NUMBER | |
| System control number | HN-56610 |
| 037 ## - SOURCE OF ACQUISITION | |
| Source of stock number/acquisition | DBAD / VEN |
| 040 ## - CATALOGING SOURCE | |
| Original cataloging agency | DPL |
| Language of cataloging | HN |
| 082 ## - DEWEY DECIMAL CLASSIFICATION NUMBER | |
| Classification number | 615.854 |
| 100 ## - MAIN ENTRY--PERSONAL NAME | |
| Personal name | चौहान, गणेश नारायण |
| 245 ## - TITLE STATEMENT | |
| Title | गाजर, मूली और टमाटर: |
| Statement of responsibility, etc | गणेश नारायण चौहान |
| Remainder of title | (रस के द्वारा चिकित्सा) / |
| 246 ## - VARYING FORM OF TITLE | |
| Title proper/short title | Gaajara,muli aur tamaatara : ( rasa ke dwaaraa chikitsa ) |
| Remainder of title | by Ganesh Narayan Chauhan |
| 260 ## - PUBLICATION, DISTRIBUTION, ETC. (IMPRINT) | |
| Place of publication, distribution, etc | जयपुर |
| Name of publisher, distributor, etc | नारायण प्रकाशन |
| Date of publication, distribution, etc | 2005 |
| 270 ## - ADDRESS | |
| Address | जी-15, एस.एस. टॉवर्स, धामाणी स्ट्रीट, चौड़ा रास्ता |
| City | जयपुर |
| Postal code | 302003 |
| Telephone number | 0141 2325965 |
| 300 ## - PHYSICAL DESCRIPTION | |
| Extent | 79पृ |
| Dimensions | 22सेमी (सजिल्द) |
| 500 ## - GENERAL NOTE | |
| General note | पढ़ें और घर का डॉक्टर बनें |
| 650 ## - SUBJECT ADDED ENTRY--TOPICAL TERM | |
| Topical term or geographic name as entry element | फलों का रस |
| General subdivision | चिकित्सकीय उपयोग |
| 650 ## - SUBJECT ADDED ENTRY--TOPICAL TERM | |
| Topical term or geographic name as entry element | Fruit juicies |
| General subdivision | Therapeutic use |
| 650 ## - SUBJECT ADDED ENTRY--TOPICAL TERM | |
| Topical term or geographic name as entry element | सब्जियों का रस |
| General subdivision | चिकित्सकीय उपयोग |
| 650 ## - SUBJECT ADDED ENTRY--TOPICAL TERM | |
| Topical term or geographic name as entry element | Vegetable juicies |
| General subdivision | Therapeutic use |
| 650 ## - SUBJECT ADDED ENTRY--TOPICAL TERM | |
| Topical term or geographic name as entry element | कच्चे खाद्य पदार्थ |
| General subdivision | चिकित्सकीय उपयोग |
| 650 ## - SUBJECT ADDED ENTRY--TOPICAL TERM | |
| Topical term or geographic name as entry element | Raw food |
| General subdivision | Therapeutic use |
| 650 ## - SUBJECT ADDED ENTRY--TOPICAL TERM | |
| Topical term or geographic name as entry element | चिकित्सा कच्चे खाद्य पदार्थों के रस द्वारा प्राकृतिक उपचार |
| General subdivision | चिकित्सकीय उपयोग |
| 650 ## - SUBJECT ADDED ENTRY--TOPICAL TERM | |
| Topical term or geographic name as entry element | Medicine natural remedies raw juicies |
| General subdivision | Therapeutic use |
| 942 ## - ADDED ENTRY ELEMENTS (KOHA) | |
| Source of classification or shelving scheme | Dewey Decimal Classification |
| Item type | Hindi Books |
| Call number suffix | चौहान |
| Classification part | 615.854 |
| Withdrawn status | Lost status | Source of classification or shelving scheme | Damaged status | Not for loan | Collection code | Home library | Current library | Date acquired | Source of acquisition | Cost, normal purchase price | Total Checkouts | Full call number | Barcode | Date last seen | Copy number | Cost, replacement price | Koha item type |
|---|---|---|---|---|---|---|---|---|---|---|---|---|---|---|---|---|---|
| Dewey Decimal Classification | Not For Loan | Non-fiction | D.B.Act.Division | D.B.Act.Division | 03/10/2008 | DBAD /PUB | 100.00 | 615.854 चौहान | HN-56610 | 03/10/2008 | 1 | 100.00 | Hindi Books |
